000 00541nam a2200181 i 4500
001 150635
003 ES-MaACL
005 20230906203618.0
007 t|
008 071031s1961 sp ||||1| spa d
100 1 _aValentín, Erich.
_9112604
245 1 0 _aMozart
_b: biografía ilustrada /
_cpor Erich Valentín ; [traducción por Julio Lozano].
250 _a[1ª ed.].
260 _aBarcelona :
_bDestino,
_c[1961]
300 _a151 p. :
_bil. ;
_c23 cm.
700 1 _aLozano, Julio.
_974421
852 _aES-MaACL
_jC-20754
_bR.49407
999 _c150635
_d150635